F. Malík "Víno, moja láska" ...

Bibliographic Details
Main Author: Minárik, Erich, 1924-2007 (Author)
Format: Article
Language:Slovak
ISSN:0042-6326
Subjects:

MARC

LEADER 00000nab a2200000 a 4500
001 vtls000708651
003 SK-MaSNL
005 20260302194453.0
008 180205c1999 xo 0 slo
015 |a SNBRB2000/01-01049 
035 |a CLN000060818 
040 |a SNKBUCL  |b slo  |c SNKBUCL  |e AACR2 
041 0 |a slo 
044 |a xo  |c SK 
080 |a 663.2(048)  |2 UDC-MRF-SK2 
100 1 |a Minárik, Erich,  |d 1924-2007  |4 aut  |9 133034 
245 1 0 |a F. Malík "Víno, moja láska" ...  |c E. Minárik 
650 0 7 |a víno  |x monografie  |x recenzie  |2 snkbucl  |9 857206 
655 7 |a články z novín a časopisov  |2 snkbucl  |9 267496 
773 0 |x 0042-6326  |t Vinohrad  |g Roč. 37, č. 5 (1999), s. 117 
787 0 8 |i Rec.:  |a Malík, Fedor  |t Víno, moja láska  |d Bratislava : Vydavateľstvo PT - Prístrojová technika, 1999 
850 |a Slovenská národná knižnica v Martine 
852 |a SNK  |b KIS3GCP 
958 |a RBX 
999 |c 1448712  |d 1450642